000 00813nam a22002057a 4500
999 _c3283
_d3283
003 AR-CdUCM
008 190306b ||||| |||| 00| 0 esp d
020 _aISBN
040 _aMUNICIPALIDAD PROVINCIAL DEL CUSCO
_cBIBLIOTECA MUNICIPAL DEL CUSCO
082 _a803.08 /
_bP19
100 _aPalacio Valdés, Armando
_910931
245 _aLa novela de un novelista /
_bescenas de la infancia y adolescencia.
_cArmando Palacio Valdés
260 _aBuenos Aires :
_bLosada,
_c1939.
300 _a248 paginas ;
_c18 cm.
505 _aAdán en el paraíso -- L a infancia ante la muerte -- Primeras impresiones -- La vara de Falaris -- Misterios dolorosos ...
650 _aNovela de costumbres contemporánea
_910932
650 _aEscenas de la infancia y adolescencia
_910933
942 _2ddc
_cLIBROS
945 _aacrt